| 000 | 00853nam a2200217Ia 4500 | ||
|---|---|---|---|
| 001 | 14771 | ||
| 005 | 20260323153221.0 | ||
| 008 | 260306t2015||||xx |||||||||||||| ||spa|| | ||
| 041 | _aESP | ||
| 082 |
_a519.2 _bM42I 2015 |
||
| 100 |
_aMendenhall, William _eAUT |
||
| 245 | 0 | _aIntroducción a la probabilidad y estadística | |
| 260 | _c2015 | ||
| 300 |
_axxi, 721 páginas : _c27 cm. |
||
| 650 | _aGEN | ||
| 654 | _aCMA | ||
| 856 |
_uhttps://itmsp.museknowledge.com/UCSP?url=https://www.ebooks7-24.com:443/?il=1303&pg=1 _zVersión digital |
||
| 856 |
_uhttps://0u213tqpv-y-https-ebooks7--24-com.itmsp.museknowledge.com/biblioteca.aspx _zVéase además: Base de datos Ebook7-24 |
||
| 856 |
_uhttps://0u20ftqo7-y-https-research-ebsco-com.itmsp.museknowledge.com/c/qxo6us/search _zVéase además: Base de datos EBSCOhost |
||
| 942 |
_cLIB _dJUS _fJUS _2ddc |
||
| 999 |
_c14771 _d14771 |
||